000 00868cam a22002651 4500
001 sa 66000857
003 DLC
005 20260227112217.0
008 900302s1964 ii b 000 0 sano
010 _asa 66000857
035 _a(OCoLC)21156493
040 _aDLC
_cWaU
_dDLC
050 0 0 _aPK3121
_b.S3 1964
130 0 _aSāmavidhānabrāhmaṇa.
245 1 0 _aSāmavidhānabrāhmaṇam.
260 _c1964.
300 _a4, xxii, 316 p.
_c25 cm.
440 0 _aKendrīyasaṃskr̥tavidyapīṭhagranthamālā ;
_vno. 1
500 _aAdded t. p. in English.
500 _aIn Sanskrit; foreword and introd. in English.
504 _aBibliographical footnotes.
700 1 _aSharma, Bellikoth Ramachandra,
_d1912-
700 0 _aSāyaṇa,
_d-1387.
_tMādhavīyavedārthaprakaśa.
700 0 _aBharatasvāmīn,
_dactive 13th century.
_tPadārthamātravivr̥ti.
999 _c67456
_d67456